书目信息 |
| 题名: |
白话精评左传纪事本末
|
|
| 作者: | 高士奇 原著 ;陈恩林 , 黄中业 译评 | |
| 分册: | 一 | |
| 出版信息: | 沈阳 辽海出版社 2006 |
|
| 页数: | 11,169页 | |
| 开本: | 21cm | |
| 丛书名: | 历代纪事本末丛书 | |
| 单 册: | ||
| 中图分类: | K204.2 , K204.4 | |
| 科图分类: | ||
| 主题词: | 历史--中国--春秋时期--左传纪事本末体 , 历史 , 春秋时期--历史--纪事本末体 , 春秋时期 , 中国--通史 | |
| 电子资源: | ||
| ISBN: | 7-80711-491-6 | |
| 000 | 01165oam2 2200361 45 | |
| 001 | 0120062000007 | |
| 005 | 20061214100717.85 | |
| 010 | @a7-80711-491-6@dCNY1508.00(全56册) | |
| 092 | @aCN@b494711 | |
| 100 | @a20060530d2006 em y0chiy0120 ea | |
| 101 | 0 | @achi |
| 102 | @aCN@b210000 | |
| 105 | @ay z 000yy | |
| 200 | 1 | @a白话精评左传纪事本末@9bai hua jing ping zuo chuan ji shi ben mo@h一@f(清)高士奇原著@g陈恩林,黄中业译评 |
| 205 | @a2版 | |
| 210 | @a沈阳@c辽海出版社@d2006 | |
| 215 | @a11,169页@d21cm | |
| 225 | 2 | @a历代纪事本末丛书@v1 |
| 330 | @a《左传纪事本末》是一部纪事本末体史书,分53卷,将53件重大的历史事件及专题,按照春秋时期的齐、鲁、晋、宋等国家分开记述。 | |
| 461 | 0 | @12001 @a历代纪事本末丛书 |
| 500 | 00 | @a左传纪事本末 |
| 606 | 0 | @a历史@y中国@z春秋时期@j左传纪事本末体 |
| 606 | 0 | @a历史 |
| 606 | 0 | @a春秋时期@x历史@j纪事本末体 |
| 606 | 0 | @a春秋时期 |
| 606 | 0 | @a中国@x通史 |
| 690 | @aK204.2@v4 | |
| 690 | @aK204.4@v3 | |
| 701 | 0 | @a高士奇@9gao shi qi@4原著 |
| 702 | 0 | @a陈恩林@9chen en lin@4译评 |
| 702 | 0 | @a黄中业@9huang zhong ye@4译评 |
| 801 | 0 | @aCN@bLZJBOOK@c20061214 |
| 905 | @a10447@dK204.4@e103:1=2 | |
| 白话精评左传纪事本末.一/(清)高士奇原著/陈恩林,黄中业译评.-2版.-沈阳:辽海出版社,2006 |
| 11,169页;21cm.-(历代纪事本末丛书;1) |
| ISBN 7-80711-491-6:CNY1508.00(全56册) |
| 《左传纪事本末》是一部纪事本末体史书,分53卷,将53件重大的历史事件及专题,按照春秋时期的齐、鲁、晋、宋等国家分开记述。 |
| ● |
| 相关链接 |
|
|
|
|
正题名:白话精评左传纪事本末
索取号:K204.4/103:1=2
 
预约/预借
| 序号 | 登录号 | 条形码 | 馆藏地/架位号 | 状态 | 备注 |
| 1 | 0550824 | 205508244 | 第二样本阅览室/ [索取号:K204.4/103:1=2] | 在馆 | |
| 2 | 0550826 | 205508262 | 第二借阅区/ [索取号:K204.4/103:1=2] | 在馆 | |
| 3 | 0550827 | 205508271 | 第二借阅区/ [索取号:K204.4/103:1=2] | 在馆 | |
| 4 | 0550828 | 205508280 | 第二借阅区/ [索取号:K204.4/103:1=2] | 在馆 | |
| 5 | 0550829 | 205508299 | 第二借阅区/ [索取号:K204.4/103:1=2] | 在馆 | |
| 6 | 0550830 | 205508306 | 第二借阅区/ [索取号:K204.4/103:1=2] | 在馆 | |
| 7 | 0550831 | 205508315 | 第二借阅区/ [索取号:K204.4/103:1=2] | 在馆 |